00430nam a2200181Ia 4500003000400000005001700004006001800021007000300039008004100042024001100083037002600094040002000120041001300140082002100153100002100174245004400195260000900239OSt20220918105418.0a|||||r|||| 00| 0ta220915b |||||||| |||| 00| 0 eng d a92,468 cReference Collections aARTScARTSbeng 2engaeng aO111972k, M3(RR) aToye William Ed. 0aOxford companion to canadian literature c1983